000 00531nam a22001817a 4500
005 20251108172501.0
008 250721s2001 xx 000 0 ara d
082 1 4 _a345.07/نجم
100 1 _aنجم، محمد صبحي محمد
245 1 0 _aشرح قانون العقوبات القسم الخاص /
264 1 _aعمان :
_bمكتبة دار الثقافة،
_c2001.
300 _a329 ص.
650 1 7 _aالقانون
650 1 7 _aالعقوبات
650 1 7 _aالجريمة
942 _2ddc
_cBK
999 _c80524
_d80524